000 00281nam a2200109Ia 4500
008 220204s9999 xx 000 0 und d
082 _a034.71
_bGAD
100 _aGADGIL, D R
245 0 _aHuman rights in a multinational society
260 _aPoona
_bGokhale inst
_c1968
942 _cBK
999 _c21100
_d21100